Les passions de l'ame
Guardat en:
| Autor principal: | |
|---|---|
| Format: | Llibre |
| Idioma: | francès |
| Publicat: |
París
J. Vrin
1966
|
| Col·lecció: | Bibliothèque des Textes Philosophiques
|
| Matèries: | |
| Etiquetes: |
Afegir etiqueta
Sense etiquetes, Sigues el primer a etiquetar aquest registre!
|
MARC
| LEADER | 00000nam a2200000 a 4500 | ||
|---|---|---|---|
| 001 | UCZ4747 | ||
| 003 | CL-VaPUC | ||
| 008 | 951110e19660000FR |||||||||||||||||fre|d | ||
| 082 | 0 | 4 | |a 110 |b DES |2 21 |
| 100 | |a Descartes, René |e autor |9 265906 | ||
| 245 | 1 | 4 | |a Les passions de l'ame |
| 300 | |a 242 p | ||
| 942 | |c BK | ||
| 945 | |d 19951110 00:00:00 |a lriquelm | ||
| 260 | |a París |b J. Vrin |c 1966 | ||
| 650 | 0 | |a Metafísica |9 265649 | |
| 650 | 0 | |a Filosofía francesa |9 255698 | |
| 650 | 0 | |a Filosofía del espíritu |9 320175 | |
| 650 | 0 | |a Emociones |9 265224 | |
| 583 | |a last modification |c 19951110 00:00:00 |k Rodrigo Vera | ||
| 490 | 0 | |a Bibliothèque des Textes Philosophiques | |
| 999 | |c 241114 |d 241112 | ||
| 952 | |0 0 |1 0 |4 0 |6 110_000000000000000_DES_1966 |7 0 |8 P |9 253277 |a BIBEDU |b BIBEDU |c BIBEDU_PB |d 2019-11-19 |i 159902K |o 110 DES 1966 |p 159902K |r 2024-01-25 |w 2019-11-19 |y BK |k FIL | ||